Daň z přidané hodnoty a spotřební daně

Salvato in:
Dettagli Bibliografici
Natura: Libro
Lingua:ceco
Pubblicazione: Ostrava-Praha : AKS-Nad zlato, [1992]
Soggetti:
Tags: Aggiungi Tag
Nessun Tag, puoi essere il primo ad aggiungerne!!

MARC

LEADER 00000nam a22000003a 4500
001 stu39493
005 20150408180542.5
008 930211s1992----cs------------------cze-d
020 |a 80-85626-00-4 
040 |a STU  |b slo 
041 0 |a cze 
044 |a cs 
080 |a 336.22 
080 |a 336.271.1(082) 
245 |a Daň z přidané hodnoty a spotřební daně 
260 |a Ostrava-Praha :  |b AKS-Nad zlato,  |c [1992] 
300 |a 94 s 
650 7 |a daň z pridanej hodnoty  |2 stusub 
650 7 |a zborníky  |2 stusub 
650 7 |a dane spotrebné  |2 stusub 
996 |b MZ 686  |c M*Z-686  |l MMKN  |s A  |a 24  |w stu39493_0001